[Event "Mislata op 13th"]
[Site "Mislata"]
[Date "2005.08.25"]
[Round "8"]
[White "Vallejo Diaz, Jesus"]
[Black "Cubedo Cano, Pablo"]
[Result "1-0"]
[WhiteElo "2255"]
[BlackElo "2260"]
[PlyCount "87"]
[EventDate "2005.08.18"]
[EventType "swiss"]
[EventRounds "9"]
[EventCountry "ESP"]
[SourceTitle "CBM 107 Extra"]
[Source "ChessBase"]
[SourceDate "2005.09.01"]
[SourceVersion "1"]
[SourceVersionDate "2005.09.01"]
[SourceQuality "1"]

1. e4 c6 2. d4 d5 3. Nd2 dxe4 4. Nxe4 Nf6 5. Ng3 h5 6. h3 h4 7. N3e2 c5 8. Nf3 Nc6 9. c3 e6 10. Bg5 Qb6 11. Qb3 Qxb3 12. axb3 Ne4 13. Be3 f6 14. dxc5 Nxc5 15. Ned4 Ne7 16. b4 Ne4 17. Bc4 Kf7 18. Nb5 Nf5 19. Rxa7 Rxa7 20. Bxa7 Be7 21. 0-0 Bd7 22. Re1 Ned6 23. Nxd6+ Nxd6 24. Bb3 b5 25. Bc5 Nc4 26. Bxe7 Kxe7 27. Bxc4 bxc4 28. Ra1 Rd8 29. Ra7 Kf8 30. Rc7 g5 31. Rxc4 e5 32. Rc7 Bf5 33. b5 Be4 34. c4 Rd1+ 35. Kh2 Ke8 36. b6 Rd7 37. Rc8+ Ke7 38. c5 Rb7 39. Nd2 Bd5 40. b4 Kd7 41. Rf8 Kc6 42. Rxf6+ Kb5 43. Rd6 Ba2 44. Nf3 1-0

[Event "Mislata op 13th"]
[Site "Mislata"]
[Date "2005.08.22"]
[Round "5"]
[White "Cubedo Cano, Pablo"]
[Black "Pallardo Lozoya, Jose Vicente"]
[Result "1/2-1/2"]
[WhiteElo "2260"]
[BlackElo "2278"]
[PlyCount "81"]
[EventDate "2005.08.18"]
[EventType "swiss"]
[EventRounds "9"]
[EventCountry "ESP"]
[SourceTitle "CBM 107 Extra"]
[Source "ChessBase"]
[SourceDate "2005.09.01"]
[SourceVersion "1"]
[SourceVersionDate "2005.09.01"]
[SourceQuality "1"]

1. d4 e6 2. c4 Nf6 3. Nc3 Bb4 4. Qc2 c5 5. e3 b6 6. Be2 Nc6 7. Nf3 0-0 8. 0-0 Bb7 9. b3 Rc8 10. a3 Bxc3 11. Qxc3 d5 12. dxc5 Ne4 13. Qc2 Nxc5 14. Rd1 Qe7 15. cxd5 exd5 16. b4 Ne4 17. Qb3 Rfd8 18. Bb2 a5 19. bxa5 Nxa5 20. Qxb6 Nc4 21. Qd4 f6 22. Bc3 Qc7 23. Bb4 Ne5 24. Ne1 h5 25. Bxh5 Ba6 26. Bf3 Nxf3+ 27. Nxf3 Be2 28. Rdb1 Bxf3 29. gxf3 Nxf2 30. Rc1 Nh3+ 31. Kg2 Qd7 32. Rxc8 Rxc8 33. Rd1 Rc2+ 34. Rd2 Ng5 35. Qg4 Rxd2+ 36. Bxd2 Qb5 37. Kf2 Qd3 38. Qd4 Qf5 39. Qg4 Qd3 40. Qd4 Qf5 41. Qg4 1/2-1/2

[Event "Cullera op-A 25th"]
[Site "Cullera"]
[Date "2004.07.29"]
[Round "9"]
[White "Garcia Gata, Jorge David"]
[Black "Cubedo Cano, Pablo"]
[Result "0-1"]
[WhiteElo "2064"]
[BlackElo "2260"]
[PlyCount "66"]
[EventDate "2004.07.??"]
[EventType "swiss"]
[EventRounds "9"]
[EventCountry "ESP"]
[SourceTitle "CBM 101 Extra"]
[Source "ChessBase"]
[SourceDate "2004.09.01"]
[SourceVersion "2"]
[SourceVersionDate "2004.09.01"]
[SourceQuality "1"]

1. d4 c5 2. d5 d6 3. c4 Nf6 4. Nc3 g6 5. e4 Bg7 6. Be2 0-0 7. Bg5 e6 8. Qd2 exd5 9. exd5 Re8 10. h4 Na6 11. h5 Bf5 12. hxg6 Bxg6 13. Nf3 Nb4 14. Kf1 Qb6 15. Nh4 Rxe2 16. Nxe2 Ne4 17. Qe3 Nc2 18. Qf4 Be5 19. Qc1 Nxa1 20. Nxg6 fxg6 21. Qxa1 Nxg5 22. f4 Rf8 23. g3 Qxb2 24. Qxb2 Bxb2 25. Kg2 Re8 26. Kf2 Ne4+ 27. Kg2 Nd2 28. Kf2 Nxc4 29. g4 b5 30. f5 Be5 31. fxg6 hxg6 32. Rh6 Kg7 33. g5 Rh8 0-1

[Event "Valencia Autonomico-B"]
[Site "Valencia"]
[Date "2004.02.07"]
[Round "4.1"]
[White "Guillen Berna, David"]
[Black "Cubedo Cano, Pablo"]
[Result "1-0"]
[WhiteElo "1930"]
[BlackElo "2260"]
[PlyCount "67"]
[EventDate "2004.01.17"]
[EventType "team-tourn"]
[EventRounds "5"]
[EventCountry "ESP"]
[SourceTitle "CBM 098 Extra"]
[Source "ChessBase"]
[SourceDate "2004.03.10"]
[SourceVersion "2"]
[SourceVersionDate "2004.03.10"]
[SourceQuality "1"]

1. e4 c6 2. d4 d5 3. Nc3 b5 4. e5 b4 5. Nce2 e6 6. Ng3 Ba6 7. Bxa6 Nxa6 8. Qd3 Qb6 9. Nf3 c5 10. dxc5 Bxc5 11. 0-0 Ne7 12. h4 Nb8 13. Nh5 Kf8 14. Bg5 Nbc6 15. Nxg7 h5 16. Bf6 Kg8 17. Qd2 Ng6 18. Qg5 Nce7 19. Nxh5 Rh7 20. Nf4 Kf8 21. Nxg6+ Nxg6 22. h5 Ne7 23. g4 Ng8 24. Kg2 Be7 25. Bxe7+ Nxe7 26. Qf6 Ng8 27. Qf4 Ke7 28. Ng5 Rg7 29. h6 Rxg5 30. Qxg5+ Kd7 31. Qg7 Ne7 32. h7 Qd4 33. f3 Rc8 34. Rac1 1-0

[Event "Autonomico Clubs"]
[Site "Spain"]
[Date "2004.??.??"]
[Round "?"]
[White "Cubedo Cano, Pablo"]
[Black "Remoli Sargues, Francisco"]
[Result "1-0"]
[WhiteElo "2260"]
[BlackElo "2023"]
[PlyCount "79"]
[EventDate "2004.??.??"]
[EventType "team-tourn"]
[EventRounds "7"]
[EventCountry "ESP"]
[SourceTitle "EXT 2007"]
[Source "ChessBase"]
[SourceDate "2006.11.23"]
[SourceVersion "1"]
[SourceVersionDate "2006.11.23"]
[SourceQuality "1"]

1. d4 Nf6 2. c4 g6 3. Nc3 Bg7 4. e4 d6 5. f3 0-0 6. Be3 Nc6 7. Qd2 e5 8. d5 Nd4 9. Nge2 c5 10. dxc6 Nxc6 11. Rd1 Be6 12. Nc1 Nd4 13. Nb3 Nd7 14. Nxd4 exd4 15. Bxd4 Ne5 16. Be2 Qh4+ 17. Bf2 Qe7 18. b3 Rfd8 19. 0-0 Rd7 20. Bd4 f6 21. f4 Nc6 22. Bf2 b6 23. Bf3 Rc8 24. Rfe1 g5 25. g3 h6 26. Nb5 Bf8 27. Re3 Qg7 28. Kh1 a6 29. Nc3 Kh8 30. Re2 g4 31. Bg2 h5 32. Bxb6 h4 33. Kg1 Bg8 34. Nd5 Bxd5 35. Qxd5 Ne7 36. Qd2 Rb8 37. Bd4 Nc6 38. Bc3 h3 39. Bh1 Rbb7 40. Qb2 1-0

[Event "Valencia Once op 9th"]
[Site "Valencia"]
[Date "2003.10.04"]
[Round "7.12"]
[White "Codina Tormo, Julia"]
[Black "Cubedo Cano, Pablo"]
[Result "1-0"]
[WhiteElo "2015"]
[BlackElo "2260"]
[PlyCount "45"]
[EventDate "2003.09.27"]
[EventType "swiss"]
[EventRounds "7"]
[EventCountry "ESP"]
[SourceTitle "CBM 096 Extra"]
[Source "ChessBase"]
[SourceDate "2003.10.22"]
[SourceVersion "2"]
[SourceVersionDate "2003.10.20"]
[SourceQuality "1"]

1. e4 g6 2. d4 Bg7 3. Nc3 d6 4. f4 c6 5. Nf3 Bg4 6. Be2 Nf6 7. 0-0 a5 8. e5 Ng8 9. Ng5 Bxe2 10. Qxe2 e6 11. f5 gxf5 12. Qh5 Qe7 13. b3 Bh6 14. h4 Bxg5 15. Bxg5 Qd7 16. Rae1 Ne7 17. Bf6 Rg8 18. Qxh7 Rg6 19. h5 Rg4 20. Rf4 Kd8 21. Rxg4 fxg4 22. Qxf7 Na6 23. h6 1-0

[Event "Valencia Once op 9th"]
[Site "Valencia"]
[Date "2003.10.03"]
[Round "6.6"]
[White "Cubedo Cano, Pablo"]
[Black "Gonzalez Aguirre, Luis"]
[Result "0-1"]
[WhiteElo "2260"]
[BlackElo "2250"]
[PlyCount "88"]
[EventDate "2003.09.27"]
[EventType "swiss"]
[EventRounds "7"]
[EventCountry "ESP"]
[SourceTitle "CBM 096 Extra"]
[Source "ChessBase"]
[SourceDate "2003.10.22"]
[SourceVersion "2"]
[SourceVersionDate "2003.10.20"]
[SourceQuality "1"]

1. d4 Nf6 2. c4 e6 3. Nc3 Bb4 4. Qc2 0-0 5. a3 Bxc3+ 6. Qxc3 b6 7. Nf3 Bb7 8. Bg5 c5 9. dxc5 bxc5 10. g3 Nc6 11. Be3 Ne4 12. Qc2 Qa5+ 13. Nd2 Nxd2 14. Bxd2 Nd4 15. Qd1 Qa6 16. Rg1 Bc6 17. Bg2 Bxg2 18. Rxg2 Qxc4 19. Rc1 Qd5 20. f3 Rab8 21. e4 Qh5 22. Be3 Qxf3 23. Qxf3 Nxf3+ 24. Kf2 Ne5 25. Kg1 d6 26. Rd1 Rb3 27. Bc1 Rd3 28. Rxd3 Nxd3 29. Be3 Rb8 30. Rd2 Nxb2 31. Rxd6 Nc4 32. Rd3 Nxe3 33. Rxe3 Kf8 34. Rc3 Rb5 35. Rc4 Ke7 36. e5 f6 37. Ra4 a5 38. Rg4 g5 39. exf6+ Kxf6 40. Rc4 Ke5 41. a4 Rb1+ 42. Kg2 Kd5 43. Rg4 h6 44. h4 Rb4 0-1

[Event "Valencia Once op 9th"]
[Site "Valencia"]
[Date "2003.10.02"]
[Round "5.9"]
[White "Cabello Fernandez, Enrique"]
[Black "Cubedo Cano, Pablo"]
[Result "0-1"]
[WhiteElo "2154"]
[BlackElo "2260"]
[PlyCount "107"]
[EventDate "2003.09.27"]
[EventType "swiss"]
[EventRounds "7"]
[EventCountry "ESP"]
[SourceTitle "CBM 096 Extra"]
[Source "ChessBase"]
[SourceDate "2003.10.22"]
[SourceVersion "2"]
[SourceVersionDate "2003.10.20"]
[SourceQuality "1"]

1. g3 d5 2. Bg2 c5 3. Nf3 f6 4. c4 d4 5. d3 Nc6 6. 0-0 e5 7. e3 Bg4 8. h3 Be6 9. a3 a5 10. Re1 Qd7 11. exd4 cxd4 12. Qa4 Ra6 13. Qb5 Nge7 14. Nbd2 Nc8 15. Qa4 Be7 16. Kh2 0-0 17. Ne4 h6 18. Ned2 Nd6 19. Nh4 Rb8 20. Ne4 b5 21. cxb5 Nxb5 22. Ng6 Bd6 23. Qd1 Bf7 24. Nh4 Be7 25. g4 Nd8 26. Qf3 Nc7 27. Nf5 Nd5 28. Qg3 Nf4 29. Bxf4 exf4 30. Qxf4 Rxb2 31. Nxe7+ Qxe7 32. Qc1 Rab6 33. Qc8 Rb8 34. Qf5 R8b5 35. Qc8 Qe5+ 36. Kg1 Rb8 37. Qc5 Qxc5 38. Nxc5 Rc2 39. Rec1 Rxc1+ 40. Rxc1 Rc8 41. Nb3 Rc3 42. Rxc3 dxc3 43. Nc1 Ne6 44. Bd5 Nf4 45. Bxf7+ Kxf7 46. Kh2 Ke6 47. Kg3 g5 48. Kf3 Nxh3 49. Ke3 Kd5 50. Ne2 c2 51. Nc3+ Ke6 52. Ne2 Ke5 53. f3 Nf4 54. Nc1 0-1

[Event "ESP-ch U20"]
[Site "Mondariz"]
[Date "2003.07.24"]
[Round "6.3"]
[White "Ibarra Jerez, Jose Carlos"]
[Black "Cubedo Cano, Pablo"]
[Result "1-0"]
[WhiteElo "2387"]
[BlackElo "2260"]
[PlyCount "49"]
[EventDate "2003.06.22"]
[EventType "swiss"]
[EventRounds "8"]
[EventCountry "ESP"]
[SourceTitle "EXT 2004"]
[Source "ChessBase"]
[SourceDate "2003.11.25"]
[SourceVersion "1"]
[SourceVersionDate "2003.11.25"]
[SourceQuality "1"]

1. e4 g6 2. d4 Bg7 3. Nc3 d6 4. Be3 Nc6 5. f3 e5 6. dxe5 Nxe5 7. Qd2 f5 8. 0-0-0 Nf6 9. f4 Nf7 10. exf5 Bxf5 11. Nf3 0-0 12. Bc4 Kh8 13. h3 b5 14. Bxb5 a6 15. Ba4 Rb8 16. Nd4 c5 17. Nc6 Qb6 18. Nxb8 Rxb8 19. Bb3 Ne4 20. Qd5 Nxc3 21. bxc3 Rf8 22. Bd2 Nd8 23. Rhe1 Nc6 24. Re3 c4 25. Qxc4 1-0

[Event "Autonomico-chT"]
[Site "Aragon"]
[Date "2003.??.??"]
[Round "?"]
[White "Cubedo Cano, Pablo"]
[Black "Barbera Estelles, Rosendo"]
[Result "0-1"]
[WhiteElo "2260"]
[BlackElo "2245"]
[PlyCount "78"]
[EventDate "2003.??.??"]
[EventType "team-tourn"]
[EventRounds "9"]
[EventCountry "ESP"]
[SourceTitle "EXT 2007"]
[Source "ChessBase"]
[SourceDate "2006.11.23"]
[SourceVersion "1"]
[SourceVersionDate "2006.11.23"]
[SourceQuality "1"]

1. d4 Nf6 2. Nf3 g6 3. c4 Bg7 4. Nc3 d6 5. e4 Bg4 6. Be3 0-0 7. Qd2 Bxf3 8. gxf3 e5 9. d5 Nh5 10. Ne2 Nd7 11. Bh3 Nc5 12. Rg1 Nf4 13. Nxf4 exf4 14. Bd4 Qh4 15. Bg4 Rfe8 16. 0-0-0 a5 17. Kb1 Be5 18. Rg2 Qf6 19. h4 Qxh4 20. Bxe5 dxe5 21. d6 cxd6 22. Rdg1 Qe7 23. Qd5 Ne6 24. Rh2 Kg7 25. Rgh1 h5 26. Bh3 Rac8 27. Rd1 Rc5 28. Qd3 Nd4 29. Rhh1 Qc7 30. Rc1 a4 31. Rc3 Qa5 32. Rhc1 Rb8 33. Bf1 b5 34. cxb5 Rcxb5 35. R3c2 Nxc2 36. Qxc2 Rxb2+ 37. Qxb2 Rxb2+ 38. Kxb2 Qd2+ 39. Rc2 Qb4+ 0-1

[Event "Mislata op-B 11th"]
[Site "Mislata"]
[Date "2003.??.??"]
[Round "4.3"]
[White "Cubedo Cano, Pablo"]
[Black "Ferrer Moreno, Jose"]
[Result "0-1"]
[WhiteElo "2260"]
[BlackElo "2147"]
[PlyCount "82"]
[EventDate "2003.08.19"]
[EventType "swiss"]
[EventRounds "9"]
[EventCountry "ESP"]
[SourceTitle "EXT 2004"]
[Source "ChessBase"]
[SourceDate "2003.11.25"]
[SourceVersion "1"]
[SourceVersionDate "2003.11.25"]
[SourceQuality "1"]

1. d4 d5 2. c4 e6 3. Nc3 Nf6 4. Nf3 Nbd7 5. cxd5 exd5 6. Bf4 c6 7. e3 Qa5 8. Nd2 Bb4 9. Qc2 0-0 10. Bd3 c5 11. Nb3 Qa4 12. dxc5 Nxc5 13. 0-0 Bxc3 14. bxc3 Nxd3 15. Qxd3 b6 16. Rfd1 Ba6 17. Qf5 Qe4 18. Qh3 Rac8 19. Rd4 Qc2 20. Be5 Qxc3 21. Rad1 Qc6 22. Qg3 Be2 23. Re1 Nh5 24. Qh4 f6 25. f3 fxe5 26. Qxh5 exd4 27. Nxd4 Bxf3 28. Nxf3 Qe6 29. Re2 Qf5 30. Qh4 Rc2 31. Qe1 Rxe2 32. Qxe2 Qe4 33. h3 Rc8 34. Nd4 h5 35. Kf2 Rf8+ 36. Nf3 g5 37. Kg1 g4 38. Ng5 Qf5 39. h4 g3 40. Nf3 Qb1+ 41. Ne1 Rf2 0-1

[Event "ESP-ch U16"]
[Site "Oropesa del Mar"]
[Date "2001.07.03"]
[Round "4.1"]
[White "Cubedo Cano, Pablo"]
[Black "Llobel Cortell, Enrique"]
[Result "1/2-1/2"]
[WhiteElo "2260"]
[BlackElo "2400"]
[PlyCount "58"]
[EventDate "2001.07.01"]
[EventType "swiss"]
[EventRounds "8"]
[EventCountry "ESP"]
[SourceTitle "EXT 2002"]
[Source "ChessBase"]
[SourceDate "2001.11.25"]
[SourceVersion "1"]
[SourceVersionDate "2001.11.25"]
[SourceQuality "1"]

1. Nf3 d6 2. c4 Nf6 3. Nc3 g6 4. d4 Bg7 5. e3 0-0 6. Bd3 c5 7. h3 b6 8. 0-0 cxd4 9. exd4 d5 10. cxd5 Bb7 11. Qe2 Nxd5 12. Nxd5 Bxd5 13. Rd1 Nc6 14. Be4 Rc8 15. Bf4 Nb4 16. a3 Bxe4 17. Qxe4 Nd5 18. Be5 e6 19. Bxg7 Kxg7 20. Rac1 Qe7 21. Rc2 Rxc2 22. Qxc2 Rd8 23. Rc1 Qd7 24. Qc6 Qe7 25. Qc4 Kg8 26. Qc6 Rd7 27. Qa8+ Rd8 28. Rc8 Rxc8 29. Qxc8+ Qf8 1/2-1/2

[Event "ESP-ch U14"]
[Site "Oropesa del Mar"]
[Date "1999.??.??"]
[Round "7"]
[White "Llobel Cortell, Enrique"]
[Black "Cubedo Cano, Pablo"]
[Result "1-0"]
[WhiteElo "2173"]
[BlackElo "2260"]
[PlyCount "53"]
[EventDate "1999.??.??"]
[EventType "swiss"]
[EventRounds "8"]
[EventCountry "ESP"]
[SourceTitle "EXT 2001"]
[Source "ChessBase"]
[SourceDate "2000.11.22"]
[SourceVersion "1"]
[SourceVersionDate "2000.11.22"]
[SourceQuality "1"]

1. f4 e5 2. fxe5 d6 3. Nf3 dxe5 4. e4 Nc6 5. Bc4 Bc5 6. d3 Nf6 7. Qe2 Bg4 8. c3 0-0 9. b4 Bb6 10. Bg5 Nxb4 11. a3 Na6 12. h3 Be6 13. Bxa6 bxa6 14. Nxe5 Qd6 15. Bf4 Qc5 16. d4 Qa5 17. 0-0 Rfe8 18. Kh1 Nd7 19. Nxd7 Bxd7 20. Qf3 Bb5 21. Rc1 Bc6 22. d5 Bb7 23. Nd2 Re7 24. c4 Qa4 25. c5 Ba5 26. c6 Bc8 27. Rc4 1-0